Studies in politics and society : journal of the Nigerian Political Science Association. (Record no. 38656)

MARC details
000 -LEADER
fixed length control field 00549nam a2200169Ia 4500
022 ## - INTERNATIONAL STANDARD SERIAL NUMBER
ISSN 20069243
050 ## - CALL MARK
Classification number DT 515 .S78/
245 #0 - TITLE STATEMENT
Title Studies in politics and society : journal of the Nigerian Political Science Association.
260 ## - PUBLICATION, DISTRIBUTION, ETC. (IMPRINT)
Place of publication Benin City, Nigeria
260 ## - PUBLICATION, DISTRIBUTION, ETC. (IMPRINT)
Name of publisher SIPAS
260 ## - PUBLICATION, DISTRIBUTION, ETC. (IMPRINT)
Year of publication 2014
300 ## - PHYSICAL DESCRIPTION
Number of Pages iv, 244p. :ill. ; 21 cm.
650 ## - SUBJECT ADDED ENTRY--TOPICAL TERM
Topical Term Nigeria--Politics and government--Periodicals. Nigeria--Social conditions--1960---Periodicals.
942 ## - ADDED ENTRY ELEMENTS (KOHA)
Koha item type Serials

No items available.